Producción de semillas forrajeras

Enregistré dans:
Détails bibliographiques
Auteur principal: Aguila Castro, Hugo (Auteur)
Format: Livre
Langue:espagnol
Publié: Santiago Universitaria 1966
Sujets:
Tags: Ajouter un tag
Pas de tags, Soyez le premier à ajouter un tag!

MARC

LEADER 00000nam a2200000 a 4500
001 UCQ0124
003 CL-VaPUC
008 980619e19660000CL |||||||||||||||||spa|d
082 0 4 |a 633.2  |b AGU  |2 21 
100 0 |a Aguila Castro, Hugo  |e author  |9 413146 
245 1 0 |a Producción de semillas forrajeras 
300 |a 200 p 
942 |c BK 
945 |d 19980619 00:00:00  |a mvenant 
260 |a Santiago  |b Universitaria  |c 1966 
650 7 |a PLANTAS FORRAJERAS  |2 CL-VaPUC  |9 264229 
650 0 |a Semillas   |9 264396 
650 0 |a Agricultura de praderas   |9 264230 
650 7 |a PRADERAS  |2 CL-VaPUC  |9 264231 
650 7 |a PASTO  |2 CL-VaPUC  |9 413147 
583 |a last modification  |c 19980619 00:00:00  |k Rodrigo Vera 
999 |c 271276  |d 271274